|
|
|
|
| LEADER |
00000naa0a2200000 4500 |
| 001 |
594946 |
| 005 |
20250221115314.0 |
| 035 |
|
|
|a (RuTPU)RU\TPU\tpu\12272
|
| 090 |
|
|
|a 594946
|
| 100 |
|
|
|a 20050607d1988 k y0rusy50 ca
|
| 101 |
0 |
|
|a rus
|
| 102 |
|
|
|a RU
|
| 200 |
1 |
|
|a Системный калибратор с расширенными функциональными возможностями
|f М. С. Ройтман [и др.]
|
| 463 |
|
|
|t Точные измерения электрических величин: переменного тока, напряжения, мощности, энергии и угла фазового сдвига
|o тезисы докладов 3 Всесоюзного совещания (Кириши, 23-25 ноября, 1988)
|v С. 32-33
|d 1988
|
| 610 |
1 |
|
|a системные калибраторы
|
| 610 |
1 |
|
|a функциональные возможности
|
| 610 |
1 |
|
|a измерения
|
| 610 |
1 |
|
|a труды учёных ТПУ
|
| 701 |
|
1 |
|a Ройтман
|b М. С.
|
| 701 |
|
1 |
|a Бориков
|b В. Н.
|
| 701 |
|
1 |
|a Тинц
|b О. С.
|
| 701 |
|
1 |
|a Сарычев
|b С. В.
|
| 701 |
|
1 |
|a Подкопаев
|b Н. Н.
|
| 701 |
|
1 |
|a Даботкин
|b А. А.
|
| 701 |
|
1 |
|a Кириллов
|b А. В.
|
| 701 |
|
1 |
|a Ким
|b В. Л.
|
| 701 |
|
1 |
|a Кунц
|b А. А.
|
| 801 |
|
1 |
|a RU
|b 63413507
|c 20050607
|g PSBO
|
| 801 |
|
2 |
|a RU
|b 63413507
|c 20100422
|g PSBO
|
| 942 |
|
|
|c BK
|